Prevenció dels accidents del treball per mitjans psico-fisiològics, gràfics i mecànics / per F. Ballester i Castelló
Descripción Física:
151 p. : il.; 22 cm
MARC
| LEADER | 00000nam a2200000Ia 4500 | ||
|---|---|---|---|
| 001 | 23237 | ||
| 008 | 160829s1934 xx 000 0 cat d | ||
| 080 | |a M-6-405 | ||
| 100 | |a Ballester i Castelló, F. |9 48055 | ||
| 245 | |a Prevenció dels accidents del treball per mitjans psico-fisiològics, gràfics i mecànics / per F. Ballester i Castelló | ||
| 260 | |a Valls : |b [Torres & Virgilis, imps.], |c 1934 | ||
| 300 | |a 151 p. : |b il.; |c 22 cm | ||
| 590 | |a Dedicatòria i signatura manuscrita de l'autor, al Conseller de Cultura de la Generalitat de Catalunya, Carles Pi i Sunyer. | ||
| 590 | |a Prové de Q-323, exp. 3 | ||
| 650 | 0 | |a Treball |x Accidents |9 48056 | |
| 650 | 0 | |a Seguretat en el treball |9 29113 | |
| 901 | |a Arxiu | ||
| 942 | |n 1 | ||
| 952 | |0 0 |1 0 |4 0 |6 M6405 |7 1 |9 54293 |a Arxiu |b Arxiu |d 2016-12-01 |l 0 |o M-6-405 |p 23237 |r 2016-12-01 00:00:00 |w 2016-12-01 |y ARXIU | ||
| 999 | |c 58162 |d 58162 | ||